| 000 | 00535nam a22001817a 4500 | ||
|---|---|---|---|
| 003 | CEME | ||
| 005 | 20210628203706.0 | ||
| 008 | 210318b xxu||||| |||| 00| 0 eng d | ||
| 020 | _a0-12-308650-7 | ||
| 040 | _c. | ||
| 082 | _a005.133-C++ GUR | ||
| 100 |
_aAlexander, Danny , Gurganus, Keith _966874 |
||
| 245 | _aMicrosoft visual c plus plus windows primer | ||
| 260 |
_aBOSTON _bAP PROFESSIONAL _c1994 |
||
| 300 | _aXII,344P | ||
| 650 |
_aC PLUS PLUS-MICROSOFT VISUAL VISUAL C PLUS PLUS-WINDOWS PRIMER _966875 |
||
| 942 |
_cBK _2ddc |
||
| 999 |
_c574751 _d574751 |
||